[Event "26th EUR-ch"]
[Site "Katowice POL"]
[Date "2026.04.08"]
[Round "2.1"]
[White "Ghimpu, Samuel-Timotei"]
[Black "Kovalenko, Igor"]
[Result "1-0"]
[WhiteElo "2443"]
[BlackElo "2685"]
[EventDate "2026.04.07"]
[PlyCount "139"]

1.e4 d5 2.exd5 Qxd5 3.Nc3 Qa5 4.d4 Nf6 5.Bc4 Bg4 6.Ne2 Nc6 7.f3 Be6 8.Bxe6
fxe6 9.O-O O-O-O 10.Qe1 e5 11.dxe5 Qxe5 12.Qf2 e6 13.Be3 Bd6 14.Bf4 Qa5 
15.Bxd6 Rxd6 16.Ng3 Rhd8 17.Nce4 R6d7 18.Rfe1 e5 19.c3 Qb6 20.h4 Qxf2+ 21.
Kxf2 Nd5 22.Nc5 Re7 23.Rad1 b6 24.Nd3 g6 25.Ne4 Red7 26.Nc1 a5 27.Rd3 a4 
28.g3 Na5 29.b3 a3 30.Ng5 Nc6 31.b4 h6 32.Ne4 Nce7 33.b5 c5 34.bxc6 Nxc6 
35.c4 Ndb4 36.Rxa3 Kc7 37.c5 Nc2 38.cxb6+ Kxb6 39.Rb3+ Ka7 40.Rf1 N6d4 41.
Rc3 Rf8 42.Nb3 Rb7 43.Kg2 Rb6 44.Nxd4 Nxd4 45.Rf2 Rf7 46.Rc5 Re7 47.Rd2 
Rb4 48.Rd5 Nf5 49.Kf2 Kb6 50.g4 Nd4 51.Rd6+ Ka7 52.Rxg6 Rh7 53.h5 Ra4 54.
Nc5 Ra3 55.Rf6 Re7 56.Kg2 Rg7 57.Rf2 Rh7 58.Nb3 Nb5 59.Re6 Nc3 60.Rxe5 
Nxa2 61.Nd4 Ra4 62.Nf5 Ra6 63.Rfe2 Nc3 64.Re7+ Rxe7 65.Rxe7+ Kb8 66.g5 Nd5
67.Re8+ Kc7 68.gxh6 Nf4+ 69.Kf2 Ra2+ 70.Ke1 1-0

[Event "26th EUR-ch"]
[Site "Katowice POL"]
[Date "2026.04.08"]
[Round "2.2"]
[White "Anton Guijarro, David"]
[Black "Sanikidze, Tornike"]
[Result "1/2-1/2"]
[WhiteElo "2656"]
[BlackElo "2432"]
[EventDate "2026.04.07"]
[PlyCount "89"]

1.d4 Nf6 2.Nf3 e6 3.e3 d5 4.Bd3 c5 5.b3 Nc6 6.Bb2 Qc7 7.c4 cxd4 8.exd4 
Qa5+ 9.Nbd2 Ba3 10.Qc1 Bxb2 11.Qxb2 dxc4 12.bxc4 Qb4 13.Qc2 Qa3 14.Qb3 
Qxb3 15.axb3 Ke7 16.Be4 Nxe4 17.Nxe4 Rd8 18.O-O-O b6 19.Ne5 Bb7 20.Nxc6+ 
Bxc6 21.f3 a5 22.Nc3 f6 23.Rhe1 Kf7 24.Kb2 g5 25.Rd2 h5 26.Rc1 Rd7 27.Rcd1
Rad8 28.Ka3 g4 29.Rd3 gxf3 30.gxf3 h4 31.b4 axb4+ 32.Kxb4 Kg6 33.d5 exd5 
34.cxd5 Bb7 35.d6 Bc6 36.Nd5 Bxd5 37.Rxd5 Kf7 38.f4 Ra7 39.Kb5 Ke6 40.Kc6 
Rc8+ 41.Kxb6 Rca8 42.d7 Ra6+ 43.Kb7 R8a7+ 44.Kb8 Ra8+ 45.Kb7 1/2-1/2

[Event "26th EUR-ch"]
[Site "Katowice POL"]
[Date "2026.04.08"]
[Round "2.3"]
[White "Isik, Alparslan"]
[Black "Deac, Bogdan-Daniel"]
[Result "1-0"]
[WhiteElo "2435"]
[BlackElo "2655"]
[EventDate "2026.04.07"]
[PlyCount "127"]

1.d4 f5 2.Nf3 Nf6 3.g3 g6 4.Bg2 Bg7 5.O-O O-O 6.c4 d6 7.Nc3 c6 8.b3 Qc7 9.
Ba3 Ne4 10.Qc2 Nxc3 11.Qxc3 Nd7 12.Rad1 Nf6 13.Bb2 Bd7 14.Rfe1 Ne4 15.Qc2 
Qa5 16.Nd2 d5 17.Nxe4 fxe4 18.f3 exf3 19.Bxf3 Bf5 20.e4 dxe4 21.Bxe4 Bg4 
22.Rd2 Rf7 23.d5 Qc5+ 24.Kg2 Bxb2 25.Qxb2 Raf8 26.dxc6 bxc6 27.h3 Bc8 28.
h4 Bf5 29.Qd4 Bxe4+ 30.Rxe4 Qf5 31.Rf4 Qe6 32.Qe4 Qc8 33.Rxf7 Rxf7 34.Re2 
Qd7 35.Qe6 Qd6 36.Qxd6 exd6 37.Re8+ Kg7 38.Rd8 Re7 39.Kf3 d5 40.cxd5 cxd5 
41.Rxd5 a6 42.Rd6 a5 43.Ra6 Re5 44.Ra7+ Kg8 45.Kf4 Rb5 46.Ke4 h5 47.Kd4 g5
48.Kc4 Rf5 49.Rd7 Rf2 50.a4 Rc2+ 51.Kb5 Rc3 52.b4 axb4 53.Kxb4 Rxg3 54.a5 
Rg4+ 55.Kb5 Rxh4 56.a6 Rh1 57.a7 Ra1 58.Rd8+ Kg7 59.a8=Q Rxa8 60.Rxa8 g4 
61.Kc4 g3 62.Kd3 g2 63.Ra1 h4 64.Ke3 1-0

[Event "26th EUR-ch"]
[Site "Katowice POL"]
[Date "2026.04.08"]
[Round "2.4"]
[White "Suleymanli, Aydin"]
[Black "Tulchynskyi, Feliks"]
[Result "1-0"]
[WhiteElo "2653"]
[BlackElo "2432"]
[EventDate "2026.04.07"]
[PlyCount "61"]

1.d4 Nf6 2.c4 e6 3.Nf3 d5 4.g3 Bb4+ 5.Nbd2 dxc4 6.a3 Bxd2+ 7.Bxd2 Nc6 8.e3
e5 9.Nxe5 Nxe5 10.dxe5 Ng4 11.Bc3 Qe7 12.Qd4 c5 13.Qf4 g5 14.Qe4 f6 15.
Bxc4 Nxe5 16.Bd5 Ng4 17.h3 Qxe4 18.Bxe4 Ne5 19.f4 gxf4 20.exf4 Nd7 21.
O-O-O O-O 22.Rd6 Nb6 23.Bxf6 Bd7 24.Bxb7 Rae8 25.Be5 Be6 26.Be4 Rf7 27.Bf3
Rd7 28.Rxd7 Nxd7 29.Re1 Nxe5 30.Rxe5 Kf8 31.Bg4 1-0

[Event "26th EUR-ch"]
[Site "Katowice POL"]
[Date "2026.04.08"]
[Round "2.5"]
[White "Manafov, Vugar"]
[Black "Sargsian, Shant"]
[Result "0-1"]
[WhiteElo "2432"]
[BlackElo "2647"]
[EventDate "2026.04.07"]
[PlyCount "70"]

1.d4 Nf6 2.Bf4 g6 3.e3 Bg7 4.Nf3 O-O 5.c3 d6 6.h3 c5 7.Be2 Qb6 8.Qb3 Be6 
9.Qxb6 axb6 10.a3 Bd7 11.Nbd2 Bc6 12.O-O Nbd7 13.Bd3 b5 14.e4 Nb6 15.Rfe1 
Rfc8 16.e5 Nfd5 17.Bg3 dxe5 18.Bxe5 f6 19.Bg3 Na4 20.Rab1 c4 21.Bc2 Kf7 
22.Nf1 e6 23.Ne3 Naxc3 24.bxc3 Nxc3 25.Ra1 Bf8 26.Nd2 Bxa3 27.Rxa3 Rxa3 
28.Bd6 Ra2 29.Nb1 Nd5 30.Nxd5 Bxd5 31.Rc1 Ra1 32.Bb4 c3 33.Rf1 Rc4 34.Bc5 
b4 35.f3 e5 0-1

[Event "26th EUR-ch"]
[Site "Katowice POL"]
[Date "2026.04.08"]
[Round "2.6"]
[White "Gumularz, Szymon"]
[Black "Sibashvili, Giorgi"]
[Result "1-0"]
[WhiteElo "2590"]
[BlackElo "2405"]
[EventDate "2026.04.07"]
[PlyCount "113"]

1.e4 e5 2.Nf3 Nc6 3.Bb5 Nf6 4.d3 Bc5 5.Ba4 O-O 6.O-O d6 7.c3 Ne7 8.Re1 Ng6
9.h3 c6 10.d4 Bb6 11.Nbd2 Re8 12.Bc2 d5 13.dxe5 Nxe5 14.Nxe5 Rxe5 15.Nf3 
Re8 16.e5 Ne4 17.Bxe4 dxe4 18.Qxd8 Rxd8 19.Rxe4 Rd1+ 20.Re1 Rxe1+ 21.Nxe1 
Bf5 22.Nf3 Rd8 23.Bf4 Rd3 24.Nd2 Kf8 25.Nc4 Ke7 26.Nd6 Be6 27.Nxb7 f6 28.
exf6+ Kxf6 29.a4 g5 30.Be3 Bxe3 31.fxe3 Ke5 32.Rf1 Rxe3 33.Nd8 Re2 34.
Nxc6+ Kd5 35.Nd8 Bc8 36.b4 Rc2 37.Rf3 h5 38.b5 g4 39.hxg4 Bxg4 40.Rf7 Rxc3
41.Rxa7 Rb3 42.Nc6 Kc5 43.Re7 Ra3 44.Re5+ Kd6 45.a5 Ra2 46.Rg5 Be2 47.Rg6+
Kc5 48.b6 Rb2 49.Nd8 Bd3 50.Rc6+ Kd5 51.Rh6 Be4 52.Rxh5+ Kd6 53.Nf7+ Kc6 
54.Rg5 Ra2 55.Nd8+ Kd7 56.b7 Rb2 57.a6 1-0

[Event "26th EUR-ch"]
[Site "Katowice POL"]
[Date "2026.04.08"]
[Round "2.7"]
[White "Davtian, Arsen"]
[Black "Donchenko, Alexander"]
[Result "1/2-1/2"]
[WhiteElo "2430"]
[BlackElo "2642"]
[EventDate "2026.04.07"]
[PlyCount "59"]

1.e4 c5 2.Nf3 d6 3.d4 cxd4 4.Nxd4 Nf6 5.Nc3 a6 6.Be2 e5 7.Nb3 Be7 8.g4 h6 
9.h4 Be6 10.Be3 Nbd7 11.Rg1 Nh7 12.Qd2 Bxh4 13.Qxd6 Be7 14.Qd3 Bg5 15.
O-O-O Bxe3+ 16.Qxe3 Qg5 17.Nd5 Rc8 18.Na5 Qxe3+ 19.Nxe3 b6 20.Nac4 O-O 21.
Rxd7 Bxd7 22.Nxb6 Rcd8 23.Nxd7 Rxd7 24.Bxa6 Ng5 25.Bd3 Ra8 26.a3 Rd4 27.
Nf5 Rd7 28.Ne3 Rd4 29.Nf5 Rd7 30.Ne3 1/2-1/2

[Event "26th EUR-ch"]
[Site "Katowice POL"]
[Date "2026.04.08"]
[Round "2.8"]
[White "Demchenko, Anton"]
[Black "Makkar, Rajat"]
[Result "1/2-1/2"]
[WhiteElo "2636"]
[BlackElo "2422"]
[EventDate "2026.04.07"]
[PlyCount "65"]

1.e4 e5 2.Nf3 Nc6 3.Bc4 Nf6 4.d3 h6 5.c3 Bc5 6.b4 Be7 7.Qb3 O-O 8.a4 d6 9.
Nbd2 Nb8 10.a5 c6 11.Qc2 d5 12.Bb3 Bd6 13.O-O Be6 14.d4 dxe4 15.Nxe5 Bxb3 
16.Qxb3 Nbd7 17.f4 exf3 18.Ndxf3 Qc7 19.Bf4 Rae8 20.Rae1 b6 21.axb6 axb6 
22.Bg3 c5 23.Qc4 Rc8 24.Qb5 cxb4 25.cxb4 Rfd8 26.Nh4 Qc3 27.Nxd7 Rxd7 28.
Nf5 Bxg3 29.hxg3 Qc4 30.Nxh6+ gxh6 31.Qxc4 Rxc4 32.Rxf6 Kg7 33.Rxb6 
1/2-1/2

[Event "26th EUR-ch"]
[Site "Katowice POL"]
[Date "2026.04.08"]
[Round "2.9"]
[White "Kalogeris, Ioannis"]
[Black "Gurel, Ediz"]
[Result "0-1"]
[WhiteElo "2427"]
[BlackElo "2635"]
[EventDate "2026.04.07"]
[PlyCount "54"]

1.c4 e5 2.Nc3 Bb4 3.g3 Nf6 4.Bg2 O-O 5.e4 Bxc3 6.bxc3 d6 7.Ne2 c6 8.O-O b5
9.cxb5 cxb5 10.d4 Qc7 11.f4 Nbd7 12.Ba3 Re8 13.fxe5 dxe5 14.Kh1 Bb7 15.d5 
Qc4 16.Qc2 a5 17.Rac1 Rac8 18.Ng1 b4 19.Qb1 bxa3 20.Qxb7 Nc5 21.Qb6 Ncxe4 
22.d6 Rc6 23.Qxa5 Rxd6 24.Qxa3 Rd2 25.Qa7 Ng4 26.Nf3 Rxg2 27.Kxg2 Qe2+ 0-1

[Event "26th EUR-ch"]
[Site "Katowice POL"]
[Date "2026.04.08"]
[Round "2.10"]
[White "Martirosian, Haik"]
[Black "Tadic, Stefan"]
[Result "1/2-1/2"]
[WhiteElo "2633"]
[BlackElo "2421"]
[EventDate "2026.04.07"]
[PlyCount "107"]

1.e4 e5 2.Nf3 Nc6 3.Bc4 Nf6 4.d3 Be7 5.O-O O-O 6.Re1 d6 7.a3 Be6 8.Nc3 
Bxc4 9.dxc4 Re8 10.h3 Nb8 11.Be3 Nbd7 12.Qe2 c6 13.Nh4 g6 14.Nf3 Qc7 15.g3
Nf8 16.Kg2 Ne6 17.Red1 a5 18.b3 Nh5 19.Kh2 Nhg7 20.Na4 Ra6 21.Bh6 Raa8 22.
Rd2 f5 23.Rad1 fxe4 24.Qxe4 Nf5 25.Be3 Nxe3 26.Qxe3 Rad8 27.Nc3 Rf8 28.Ne4
b5 29.h4 bxc4 30.bxc4 a4 31.Kg2 Ng7 32.Rd3 Nf5 33.Qe1 d5 34.cxd5 cxd5 35.
Rxd5 Rxd5 36.Rxd5 Qxc2 37.Nxe5 Bxa3 38.Kh3 Bb2 39.Nd7 Rf7 40.Rc5 Qb3 41.
Rc8+ Kg7 42.Nec5 Re7 43.Qb1 Qa3 44.Ra8 Nd4 45.Qh1 Nf3 46.Rxa4 Re1 47.Ne6+ 
Kg8 48.Qxe1 Qxa4 49.Ndc5 Qxh4+ 50.gxh4 Nxe1 51.Kg4 Nc2 52.Ne4 Nd4 53.Nxd4 
Bxd4 54.h5 1/2-1/2

[Event "26th EUR-ch"]
[Site "Katowice POL"]
[Date "2026.04.08"]
[Round "2.11"]
[White "Johansson, Linus"]
[Black "Bjerre, Jonas Buhl"]
[Result "0-1"]
[WhiteElo "2425"]
[BlackElo "2623"]
[EventDate "2026.04.07"]
[PlyCount "88"]

1.d4 Nf6 2.c4 e6 3.Nc3 Bb4 4.e3 b6 5.Bd3 Bb7 6.Nf3 O-O 7.O-O c5 8.Bd2 cxd4
9.Nxd4 a6 10.Qe2 d6 11.a3 Bxc3 12.Bxc3 Nbd7 13.Rac1 Nc5 14.Bb1 Nfe4 15.Be1
e5 16.Nc2 f5 17.b4 Ne6 18.f3 Nf6 19.Na1 f4 20.Bf5 Qe7 21.Bh4 fxe3 22.Qxe3 
Nd4 23.Bb1 Qe6 24.Nb3 Nxb3 25.Qxb3 Nh5 26.Qd3 e4 27.Qe3 Nf4 28.Rce1 Qh6 
29.Bg3 exf3 30.gxf3 Nh3+ 31.Kg2 Ng5 32.Be4 Rae8 33.Qd3 Qh3+ 34.Kg1 Nxe4 
35.fxe4 h5 36.Rxf8+ Rxf8 37.Rf1 Re8 38.Rf4 Qe6 39.Rf1 Bxe4 40.Qxd6 Qh3 41.
Rf2 h4 42.Bf4 Re6 43.Qd8+ Kh7 44.Bg5 Bd3 0-1

[Event "26th EUR-ch"]
[Site "Katowice POL"]
[Date "2026.04.08"]
[Round "2.12"]
[White "Hovhannisian, Robert"]
[Black "Piliposian, Robert"]
[Result "1-0"]
[WhiteElo "2621"]
[BlackElo "2420"]
[EventDate "2026.04.07"]
[PlyCount "83"]

1.e4 c5 2.Nf3 a6 3.Be2 Nc6 4.d4 cxd4 5.Nxd4 e5 6.Nf5 Nf6 7.Nc3 d6 8.Bg5 
Bxf5 9.Bxf6 Qxf6 10.Nd5 Qd8 11.exf5 Be7 12.c3 O-O 13.Bd3 Bf6 14.Be4 Rc8 
15.Qd3 Ne7 16.Rd1 Nxd5 17.Qxd5 Qb6 18.Qb3 Qc7 19.O-O Rb8 20.Rd5 b5 21.Rfd1
Rfd8 22.g3 Be7 23.R5d3 Qc4 24.Bd5 Qxb3 25.axb3 Rdc8 26.b4 Rc7 27.Ra1 Ra7 
28.Kg2 Bd8 29.Bc6 Rb6 30.Be4 g6 31.Rf3 Kg7 32.h4 Rb8 33.Bd5 f6 34.g4 a5 
35.Rd3 a4 36.Bc6 Rb6 37.Rxd6 Be7 38.Rd7 Rxd7 39.Bxd7 Rb7 40.Rd1 gxf5 41.
Bxf5 Bf8 42.Kf3 1-0

[Event "26th EUR-ch"]
[Site "Katowice POL"]
[Date "2026.04.08"]
[Round "2.13"]
[White "Sowinski, Pawel"]
[Black "Ivanchuk, Vasyl"]
[Result "1/2-1/2"]
[WhiteElo "2421"]
[BlackElo "2621"]
[EventDate "2026.04.07"]
[PlyCount "71"]

1.d4 Nf6 2.c4 g6 3.Nc3 d5 4.cxd5 Nxd5 5.e4 Nxc3 6.bxc3 Bg7 7.Nf3 c5 8.Bb5+
Nc6 9.Rb1 O-O 10.d5 Ne5 11.O-O Nxf3+ 12.Qxf3 a6 13.Bd3 Bxc3 14.Bh6 Bg7 15.
Bxg7 Kxg7 16.Rfc1 b6 17.Qe2 Kg8 18.Qb2 Bd7 19.Qxb6 Bb5 20.Qxd8 Rfxd8 21.
Bxb5 axb5 22.Rxb5 Rxa2 23.Rbxc5 Kg7 24.f3 e6 25.dxe6 Rdd2 26.Rg5 Kf6 27.h4
Kxe6 28.Rc6+ Kd7 29.Rb6 h6 30.Rg4 h5 31.Rg5 Re2 32.Kh2 Ke7 33.Rb8 Rac2 34.
Rb1 Ra2 35.Rg1 Ra3 36.Rf1 1/2-1/2

[Event "26th EUR-ch"]
[Site "Katowice POL"]
[Date "2026.04.08"]
[Round "2.14"]
[White "Govciyan, Pavel"]
[Black "Sargissian, Gabriel"]
[Result "1/2-1/2"]
[WhiteElo "2420"]
[BlackElo "2618"]
[EventDate "2026.04.07"]
[PlyCount "83"]

1.d4 Nf6 2.Nf3 e6 3.Bf4 d5 4.Nbd2 c5 5.e3 Qb6 6.Rb1 cxd4 7.exd4 Bd7 8.c3 
Bb5 9.Qb3 Bxf1 10.Qxb6 axb6 11.Kxf1 Nc6 12.a3 Nd7 13.Re1 b5 14.Re2 Na5 15.
Ne1 Nc4 16.Nd3 Ra6 17.Nf3 f6 18.g4 g5 19.Bc1 h5 20.gxh5 Rxh5 21.Kg2 Kf7 
22.h4 g4 23.Nd2 Nxd2 24.Nf4 Rh7 25.Bxd2 Bh6 26.Nd3 Bf8 27.Bf4 f5 28.f3 
gxf3+ 29.Kxf3 Rh5 30.Bg5 Bd6 31.Bf4 Be7 32.Bg3 Nf6 33.Rg2 Ng4 34.Ne5+ 
Nxe5+ 35.Bxe5 Bf8 36.Rg5 Rxg5 37.hxg5 Kg6 38.Rh8 Ra8 39.Rg8+ Kf7 40.Rh8 
Kg6 41.Rg8+ Kf7 42.Rh8 1/2-1/2

[Event "26th EUR-ch"]
[Site "Katowice POL"]
[Date "2026.04.08"]
[Round "2.15"]
[White "Indjic, Aleksandar"]
[Black "Stefansson, Hannes Hlifar"]
[Result "1-0"]
[WhiteElo "2616"]
[BlackElo "2414"]
[EventDate "2026.04.07"]
[PlyCount "113"]

1.d4 Nf6 2.c4 e6 3.Nc3 Bb4 4.Qc2 O-O 5.a3 Bxc3+ 6.Qxc3 d5 7.Nf3 dxc4 8.
Qxc4 b6 9.Bg5 Ba6 10.Qa4 h6 11.Bh4 Qe7 12.Rc1 Rc8 13.e3 Bxf1 14.Rxf1 c5 
15.dxc5 bxc5 16.Ke2 Nbd7 17.Rc2 Rcb8 18.Bg3 e5 19.Nd2 Rb7 20.Qc6 Rab8 21.
Nc4 Nh5 22.Rd1 Nxg3+ 23.hxg3 g6 24.Rcd2 Nb6 25.Na5 Rc7 26.Qd6 Qxd6 27.Rxd6
c4 28.Nc6 Re8 29.Rd8 Rxd8 30.Rxd8+ Kg7 31.Nxe5 c3 32.bxc3 Rxc3 33.Rd3 Rc2+
34.Rd2 Rc3 35.Ra2 Na4 36.Kd2 Kf6 37.Nf3 Rb3 38.Nd4 Rb1 39.Rc2 Rg1 40.Rc6+ 
Kg7 41.Rc7 a5 42.Ne6+ Kg8 43.Nd8 Rxg2 44.Ke2 f5 45.Ne6 Rg1 46.Rg7+ Kh8 47.
Rxg6 Nc3+ 48.Kf3 Ra1 49.Kf4 Ra2 50.Rxh6+ Kg8 51.Rh2 Rxa3 52.Kxf5 Ra2 53.
Kg6 Rb2 54.Rh7 Rb8 55.Rg7+ Kh8 56.Kh6 Ne4 57.Nf4 1-0

[Event "26th EUR-ch"]
[Site "Katowice POL"]
[Date "2026.04.08"]
[Round "2.16"]
[White "Narva, Mai"]
[Black "Korobov, Anton"]
[Result "0-1"]
[WhiteElo "2411"]
[BlackElo "2610"]
[EventDate "2026.04.07"]
[PlyCount "88"]

1.e4 c5 2.Nf3 e6 3.c3 Nf6 4.e5 Nd5 5.d4 cxd4 6.cxd4 d6 7.Bc4 Be7 8.O-O O-O
9.Qe2 Nd7 10.Nc3 Nxc3 11.bxc3 dxe5 12.dxe5 Qc7 13.Bf4 b6 14.Nd4 Bb7 15.
Rfd1 Nc5 16.Qg4 a6 17.Re1 Rfd8 18.Re3 b5 19.Be2 Na4 20.Rc1 Rac8 21.Bh6 Bf8
22.Bg5 b4 23.Bd3 g6 24.Qh4 Nxc3 25.Rce1 Qb6 26.Nxe6 Qxe6 27.Bxd8 Qd5 28.
Qg4 Rxd8 29.e6 f5 30.Bxf5 Qxf5 31.Qxf5 gxf5 32.e7 Bxe7 33.Rxe7 Bd5 34.f3 
Bxa2 35.Rb7 a5 36.Ree7 Bd5 37.Rbc7 a4 38.Rg7+ Kf8 39.Rxh7 a3 40.Rh5 Be6 
41.Rh8+ Bg8 42.Rh5 Rd5 43.Rh6 a2 44.Ra6 Rd1+ 0-1

[Event "26th EUR-ch"]
[Site "Katowice POL"]
[Date "2026.04.08"]
[Round "2.17"]
[White "Santos Latasa, Jaime"]
[Black "Fus, Jakub"]
[Result "1/2-1/2"]
[WhiteElo "2610"]
[BlackElo "2410"]
[EventDate "2026.04.07"]
[PlyCount "63"]

1.e4 e5 2.Nf3 Nc6 3.Bb5 a6 4.Ba4 Nf6 5.O-O Be7 6.Bxc6 dxc6 7.d3 Nd7 8.Be3 
O-O 9.Nc3 f6 10.Nh4 g6 11.Qg4 Nc5 12.Qg3 Kh8 13.f4 exf4 14.Nxg6+ hxg6 15.
Qxg6 fxe3 16.Rf3 Bd6 17.g4 Bxg4 18.Qxg4 Rf7 19.Rh3+ Rh7 20.Rxh7+ Kxh7 21.
Kh1 Qf8 22.Qf5+ Kg7 23.d4 Kf7 24.e5 Qh6 25.exd6 Rh8 26.h3 Ne6 27.dxc7 
Qxh3+ 28.Qxh3 Rxh3+ 29.Kg2 Rh8 30.d5 Nxc7 31.dxc6 bxc6 32.Re1 1/2-1/2

[Event "26th EUR-ch"]
[Site "Katowice POL"]
[Date "2026.04.08"]
[Round "2.18"]
[White "Injac, Teodora"]
[Black "Maurizzi, Marc`Andria"]
[Result "1/2-1/2"]
[WhiteElo "2410"]
[BlackElo "2608"]
[EventDate "2026.04.07"]
[PlyCount "94"]

1.Nf3 d6 2.d4 Nf6 3.c4 g6 4.Nc3 Bg7 5.g3 O-O 6.Bg2 c6 7.O-O Bf5 8.Be3 Ne4 
9.Rc1 Nxc3 10.Rxc3 Be4 11.Qc1 Nd7 12.Bh6 Nf6 13.Bxg7 Kxg7 14.Rd1 a5 15.b3 
b5 16.Qf4 bxc4 17.Rxc4 a4 18.Nd2 Bd5 19.Rc2 Bxg2 20.Kxg2 Nd5 21.Qf3 Qb6 
22.Nc4 Qb5 23.e4 Nb4 24.Re2 axb3 25.axb3 d5 26.Ne5 Ra3 27.Rc1 Qb7 28.Re3 
e6 29.exd5 Nxd5 30.Rd3 Ra6 31.h4 h5 32.Kh2 Rd8 33.Kg2 Nb4 34.Rd2 Rd5 35.
Rc4 Rb5 36.Nd3 Nxd3 37.Rxd3 Rd5 38.Rdc3 Rb6 39.Rc5 Rd6 40.R5c4 Qd7 41.Rc5 
Ra6 42.R3c4 Rb6 43.Qc3 Kg8 44.b4 Qb7 45.Kh2 Qd7 46.Kg2 Rb8 47.Kh2 Rd8 
1/2-1/2

[Event "26th EUR-ch"]
[Site "Katowice POL"]
[Date "2026.04.08"]
[Round "2.19"]
[White "Muradli, Mahammad"]
[Black "Valiyev, Shahin"]
[Result "1-0"]
[WhiteElo "2605"]
[BlackElo "2409"]
[EventDate "2026.04.07"]
[PlyCount "75"]

1.d4 d5 2.c4 e6 3.Nf3 Nf6 4.Nc3 Be7 5.cxd5 exd5 6.Bf4 Nh5 7.Bd2 Nf6 8.e3 
O-O 9.Bd3 Nbd7 10.O-O c6 11.Qc2 Bd6 12.Rfe1 Re8 13.e4 dxe4 14.Nxe4 Nxe4 
15.Bxe4 h6 16.Bxc6 Rxe1+ 17.Rxe1 Nf6 18.Ba4 Bg4 19.Qd3 Qb6 20.Bb3 Rd8 21.
Bxh6 Bxf3 22.Qg6 Bf8 23.Qxf7+ Kh8 24.gxf3 gxh6 25.Re6 Qxd4 26.Rxf6 Bg7 27.
Re6 Qc5 28.Rg6 Qc1+ 29.Kg2 Qxb2 30.Qf4 Qd2 31.Qh4 Rd6 32.Rxg7 Kxg7 33.Qe7+
Kg6 34.Qf7+ Kg5 35.Kg3 Rg6 36.h4+ Kh5+ 37.Kh3 Qd3 38.Bc4 1-0

[Event "26th EUR-ch"]
[Site "Katowice POL"]
[Date "2026.04.08"]
[Round "2.20"]
[White "Vardanyan, Aras"]
[Black "Lodici, Lorenzo"]
[Result "0-1"]
[WhiteElo "2408"]
[BlackElo "2601"]
[EventDate "2026.04.07"]
[PlyCount "122"]

1.c4 b6 2.d4 e6 3.a3 Bb7 4.Nc3 Nf6 5.d5 g6 6.Nf3 Bg7 7.g3 O-O 8.Bg2 exd5 
9.cxd5 c6 10.dxc6 dxc6 11.Bf4 c5 12.O-O Nd5 13.Nxd5 Bxd5 14.Qc2 Qe7 15.
Rad1 Be4 16.Qc1 Qb7 17.Bh6 Nc6 18.Bxg7 Kxg7 19.h4 Rfe8 20.h5 Qe7 21.h6+ 
Kg8 22.Qf4 Rad8 23.e3 f6 24.Nd2 Bxg2 25.Kxg2 g5 26.Qf5 Qe5 27.Qf3 Qe6 28.
Nb1 Ne5 29.Qb7 Qf7 30.Qa6 Ng4 31.Nc3 Nxh6 32.e4 Ng4 33.Rd5 Rxd5 34.exd5 f5
35.Rh1 f4 36.Qd3 Ne5 37.Qe4 f3+ 38.Kf1 Qg6 39.d6 g4 40.Rh4 Qxe4 41.Nxe4 
Kg7 42.Rxh7+ Kxh7 43.Nf6+ Kg6 44.Nxe8 Kf7 45.Nc7 Nc4 46.d7 Ke7 47.Nd5+ 
Kxd7 48.Nf6+ Ke6 49.Nxg4 Nxb2 50.Nh2 Nc4 51.Nxf3 Nxa3 52.Ke2 b5 53.g4 b4 
54.Nd2 c4 55.Kd1 Ke5 56.g5 a5 57.f4+ Kf5 58.Nf3 a4 59.Nd4+ Kg6 60.Kc1 c3 
61.Ne2 Nb5 0-1

[Event "26th EUR-ch"]
[Site "Katowice POL"]
[Date "2026.04.08"]
[Round "2.21"]
[White "Rodshtein, Maxim"]
[Black "Piesik, Piotr"]
[Result "1-0"]
[WhiteElo "2598"]
[BlackElo "2407"]
[EventDate "2026.04.07"]
[PlyCount "59"]

1.Nf3 Nf6 2.g3 d5 3.Bg2 c5 4.O-O e6 5.c4 d4 6.e3 Nc6 7.d3 h6 8.exd4 cxd4 
9.Bf4 Bd6 10.Bxd6 Qxd6 11.Nbd2 O-O 12.Re1 e5 13.b4 Nxb4 14.Nxe5 Re8 15.Qb3
Be6 16.Rab1 Nc6 17.Nxc6 bxc6 18.Qa4 Rec8 19.Qa5 Nd7 20.Nb3 Rab8 21.Qxa7 c5
22.Nd2 Bf5 23.Ne4 Qc6 24.Rxb8 Rxb8 25.a4 Kh8 26.a5 Re8 27.a6 Ne5 28.Ng5 
Qf6 29.Rxe5 Rxe5 30.Qb8+ 1-0

[Event "26th EUR-ch"]
[Site "Katowice POL"]
[Date "2026.04.08"]
[Round "2.22"]
[White "Paszewski, Mateusz"]
[Black "Dardha, Daniel"]
[Result "0-1"]
[WhiteElo "2407"]
[BlackElo "2596"]
[EventDate "2026.04.07"]
[PlyCount "66"]

1.d4 Nf6 2.c4 e6 3.Nc3 Bb4 4.e3 b6 5.Bd3 Bb7 6.Nf3 O-O 7.O-O c5 8.a3 Bxc3 
9.bxc3 Ne4 10.Ne1 d5 11.Qc2 Nc6 12.cxd5 exd5 13.Bb2 Rc8 14.Qe2 Na5 15.Nf3 
Re8 16.Rfd1 Qe7 17.Rab1 Nc4 18.Rdc1 Qe6 19.Re1 Bc6 20.Bxe4 dxe4 21.Nd2 Bb5
22.a4 Nxd2 23.Qxd2 Bd3 24.Ra1 Qf5 25.a5 b5 26.h3 Re6 27.Rac1 Rcc6 28.Kh2 
Rh6 29.Rh1 Rxh3+ 30.gxh3 Rh6 31.Kg1 Qg6+ 32.Kh2 Qg4 33.Rcg1 Rxh3# 0-1

[Event "26th EUR-ch"]
[Site "Katowice POL"]
[Date "2026.04.08"]
[Round "2.23"]
[White "Samunenkov, Ihor"]
[Black "Kusa, Jakub"]
[Result "1-0"]
[WhiteElo "2596"]
[BlackElo "2406"]
[EventDate "2026.04.07"]
[PlyCount "101"]

1.e4 e5 2.Nf3 Nc6 3.Bb5 Nf6 4.O-O Nxe4 5.d4 Nd6 6.Ba4 exd4 7.c3 Be7 8.cxd4
O-O 9.Nc3 b5 10.Bb3 Na5 11.Bc2 Bb7 12.Re1 Bf6 13.Ne5 Nac4 14.Nxb5 Nxb5 15.
Qd3 g6 16.Qxc4 a6 17.Bb3 d5 18.Qd3 Rc8 19.Bf4 c5 20.dxc5 Rxc5 21.Rad1 Re8 
22.h4 Nd6 23.Ng4 Bg7 24.Bg5 Rxe1+ 25.Rxe1 Qc8 26.Nh6+ Bxh6 27.Bxh6 Nf5 28.
Bd2 d4 29.Ba4 Bc6 30.b4 Bb5 31.Bxb5 Rxb5 32.h5 gxh5 33.a4 Rd5 34.Qf3 Qd7 
35.Qxh5 Ng7 36.Qf3 h5 37.b5 axb5 38.a5 Rd6 39.Bb4 Ra6 40.Re5 Qg4 41.Qb7 
Qg6 42.Rxb5 Re6 43.Rb6 Qb1+ 44.Kh2 Re4 45.Qb8+ Re8 46.a6 Rxb8 47.Rxb8+ Kh7
48.a7 Qf5 49.a8=Q Qf4+ 50.g3 Qxf2+ 51.Qg2 1-0

[Event "26th EUR-ch"]
[Site "Katowice POL"]
[Date "2026.04.08"]
[Round "2.24"]
[White "Agdelen, Huseyin Can"]
[Black "Schoppen, Casper"]
[Result "1/2-1/2"]
[WhiteElo "2405"]
[BlackElo "2588"]
[EventDate "2026.04.07"]
[PlyCount "76"]

1.e4 c6 2.d4 d5 3.Nc3 dxe4 4.Nxe4 Nf6 5.Nxf6+ exf6 6.c3 Bd6 7.Bd3 O-O 8.
Qc2 Re8+ 9.Ne2 h5 10.O-O h4 11.h3 Nd7 12.Bd2 Nf8 13.Rae1 g6 14.Nf4 Be6 15.
Nxe6 Nxe6 16.Bc4 Qd7 17.Qe4 Nf4 18.Qf3 Qc7 19.Rxe8+ Rxe8 20.Re1 Rxe1+ 21.
Bxe1 Kg7 22.Bd2 Nh5 23.Qg4 Bh2+ 24.Kh1 Bf4 25.Bxf4 Qxf4 26.Qxf4 Nxf4 27.
Kh2 b5 28.Bf1 Nd5 29.g3 g5 30.gxh4 gxh4 31.Bg2 Ne7 32.f4 Kg6 33.Be4+ f5 
34.Bf3 Kf6 35.Kg2 Ke6 36.Kf2 Kd6 37.Ke3 a5 38.b3 Nc8 1/2-1/2

[Event "26th EUR-ch"]
[Site "Katowice POL"]
[Date "2026.04.08"]
[Round "2.25"]
[White "Turski, Bartlomiej"]
[Black "Abasov, Nijat"]
[Result "0-1"]
[WhiteElo "2404"]
[BlackElo "2586"]
[EventDate "2026.04.07"]
[PlyCount "48"]

1.e4 c6 2.d4 d5 3.f3 e6 4.Nc3 Bb4 5.Bd2 Ne7 6.Bd3 b6 7.h4 Ba6 8.Bxa6 Nxa6 
9.h5 h6 10.Qe2 Nc7 11.O-O-O c5 12.exd5 exd5 13.g4 Ne6 14.Qb5+ Kf8 15.dxc5 
bxc5 16.Nge2 Rb8 17.Qa4 Qb6 18.b3 c4 19.a3 Bd6 20.Nb1 Nc6 21.Bb4 Nxb4 22.
axb4 Qe3+ 23.Rd2 Bxb4 24.c3 Nc5 0-1

[Event "26th EUR-ch"]
[Site "Katowice POL"]
[Date "2026.04.08"]
[Round "2.26"]
[White "Czernek, Tymon"]
[Black "Petrosian, Manuel"]
[Result "1/2-1/2"]
[WhiteElo "2401"]
[BlackElo "2584"]
[EventDate "2026.04.07"]
[PlyCount "69"]

1.e4 e5 2.Nf3 Nc6 3.Bb5 a6 4.Ba4 Nf6 5.O-O b5 6.Bb3 Bc5 7.c3 d6 8.d4 Bb6 
9.h3 Bb7 10.Re1 h6 11.Be3 O-O 12.Nbd2 Re8 13.dxe5 Nxe5 14.Nxe5 dxe5 15.
Bxb6 cxb6 16.Re3 g6 17.Qe2 Kg7 18.a4 bxa4 19.Bxa4 Rf8 20.Bc2 Qc7 21.Qc4 
Rac8 22.Qxc7 Rxc7 23.Nf3 Re8 24.Rd1 Rd7 25.Rxd7 Nxd7 26.Nd2 Kf8 27.Nc4 Ke7
28.b4 Bc6 29.Bb3 Ra8 30.Re1 a5 31.f3 axb4 32.cxb4 Bb5 33.Ne3 Nf6 34.Rc1 
Ra3 35.Nd5+ 1/2-1/2

[Event "26th EUR-ch"]
[Site "Katowice POL"]
[Date "2026.04.08"]
[Round "2.27"]
[White "Medhus, Vitus Bondo"]
[Black "Pichot, Alan"]
[Result "1/2-1/2"]
[WhiteElo "2401"]
[BlackElo "2581"]
[EventDate "2026.04.07"]
[PlyCount "83"]

1.c4 c5 2.Nf3 Nc6 3.Nc3 g6 4.e3 Nf6 5.d4 cxd4 6.exd4 d5 7.cxd5 Nxd5 8.Qb3 
Nxc3 9.Bc4 Nd5 10.Bxd5 e6 11.Bxc6+ bxc6 12.O-O Qd5 13.Qxd5 cxd5 14.Bf4 f6 
15.Rfc1 g5 16.Bg3 h5 17.h4 gxh4 18.Nxh4 Rh7 19.Ng6 Bb4 20.a3 Ba5 21.Bd6 
Rd7 22.Bc5 Kf7 23.Nf4 Bd2 24.Nxh5 Bxc1 25.Rxc1 Kg6 26.g4 e5 27.f3 Ba6 28.
Kf2 Re8 29.Kg3 Bc4 30.dxe5 fxe5 31.f4 exf4+ 32.Nxf4+ Kf7 33.Rh1 Rg8 34.Bd4
a5 35.Rh5 Ke8 36.Rh6 Kd8 37.Rb6 Kc8 38.b3 Bf1 39.Be5 Rb7 40.Rc6+ Kd7 41.
Rd6+ Kc8 42.Rc6+ 1/2-1/2